000 00518nam a22001817a 4500
003 CEME
005 20210628205105.0
008 210120b xxu||||| |||| 00| 0 eng d
040 _cceme
082 _a545 VOG
100 _aMendham, J,Denney, R.C,Barnes, J.D,Thomas, M.J.K
_973830
245 _aVogel's textbook of quantitative chemical analysis
250 _a6TH
260 _aRAWALPINDI
_bNATIONAL BOOK FOUNDATION
_c2007
300 _a832P
650 _aQUANTITATIVE CHEMICAL ANALYSIS
_973831
942 _cBK
_2ddc
999 _c579472
_d579472